| 000 -LEADER |
| fixed length control field |
00421nam a2200133Ia 4500 |
| 008 - FIXED-LENGTH DATA ELEMENTS--GENERAL INFORMATION |
| fixed length control field |
190722s9999 xx 000 0 und d |
| 020 ## - INTERNATIONAL STANDARD BOOK NUMBER |
| International Standard Book Number |
978-93-325-1881-0 |
| 100 ## - MAIN ENTRY--PERSONAL NAME |
| Personal name |
Jeri R. Hanly, Elliot B. Koffman |
| 245 #0 - TITLE STATEMENT |
| Title |
Problem Solving and Program Design in C |
| 260 ## - PUBLICATION, DISTRIBUTION, ETC. (IMPRINT) |
| Place of publication, distribution, etc |
New Delhi (India) |
| Name of publisher, distributor, etc |
Dorling Kindersley India Pvt. Ltd. / Pearson India Education services |
| Date of publication, distribution, etc |
2014 |
| 300 ## - PHYSICAL DESCRIPTION |
| Extent |
852p.: |
| 942 ## - ADDED ENTRY ELEMENTS (KOHA) |
| Koha item type |
Books |
| 942 ## - ADDED ENTRY ELEMENTS (KOHA) |
| Edition |
|